[Event "Madrid ch Veteranos  2019-2020"]
[Site "Maddrid ESP"]
[Date "2020.01.23"]
[Round "9.22"]
[White "Nevado Muñoz, Rafael"]
[Black "Barragan Panal, Juan Jose"]
[Result "0-1"]
[WhiteElo "1467"]
[BlackElo "1679"]
[PlyCount "64"]
[EventDate "2020.01.13"]
[EventType "swiss"]
[EventRounds "9"]
[EventCountry "ESP"]
[SourceTitle "Ajedrez en Madrid"]
[Source "lmi"]
[SourceDate "2020.01.13"]
[SourceVersion "1"]
[SourceVersionDate "2020.01.27"]
[SourceQuality "1"]

1. e4 c6 2. d4 d5 3. exd5 cxd5 4. Nf3 Nf6 5. Bd3 Nc6 6. c3 e6 7. O-O Be7 8. Bf4
Bd7 9. h3 Rc8 10. Nbd2 Na5 11. Qe2 Qb6 12. Rab1 a6 13. Rfc1 Bb5 14. c4 dxc4 15.
Nxc4 Nxc4 16. Bxc4 Bxc4 17. Rxc4 Rxc4 18. Qxc4 O-O 19. a3 Nd5 20. Be5 Bxa3 21.
Qc2 Be7 22. Rc1 Bf6 23. Qd2 Qb4 24. Qxb4 Nxb4 25. Bd6 Nd3 26. Rc7 Rd8 27. Be7
Bxe7 28. Rxe7 b5 29. Ra7 h6 30. Rxa6 Nxb2 31. Rb6 Rd5 32. Kf1 Nc4 0-1

[Event "Madrid ch Veteranos  2019-2020"]
[Site "Maddrid ESP"]
[Date "2020.01.23"]
[Round "9.23"]
[White "Cruz Gonzalez, Antonio"]
[Black "Martinez Martinez, Javier II"]
[Result "1-0"]
[WhiteElo "1737"]
[BlackElo "1572"]
[PlyCount "59"]
[EventDate "2020.01.13"]
[EventType "swiss"]
[EventRounds "9"]
[EventCountry "ESP"]
[SourceTitle "Ajedrez en Madrid"]
[Source "lmi"]
[SourceDate "2020.01.13"]
[SourceVersion "1"]
[SourceVersionDate "2020.01.27"]
[SourceQuality "1"]

1. e4 e5 2. f4 Nc6 3. Nf3 d6 4. Bb5 Bd7 5. d4 a6 6. Bxc6 Bxc6 7. d5 Bd7 8. Nc3
exf4 9. Bxf4 Be7 10. O-O g5 11. Qd4 f6 12. Nxg5 h6 13. Ne6 Bxe6 14. dxe6 c5 15.
Qd5 h5 16. Qxb7 Nh6 17. Nd5 Ng8 18. Nc7+ Kf8 19. Nxa8 Rh7 20. Nb6 Kg7 21. Nd5
Kh8 22. Qxa6 Rg7 23. Qe2 Qe8 24. Rf3 h4 25. Rh3 f5 26. exf5 Nf6 27. Rxh4+ Kg8
28. Nxe7+ Qxe7 29. Rd1 d5 30. Be5 1-0

[Event "Madrid ch Veteranos  2019-2020"]
[Site "Maddrid ESP"]
[Date "2020.01.23"]
[Round "9.25"]
[White "Infante Martin, Alonso"]
[Black "Villodre Miranda, Juan Alonso"]
[Result "0-1"]
[WhiteElo "1362"]
[BlackElo "1567"]
[PlyCount "92"]
[EventDate "2020.01.13"]
[EventType "swiss"]
[EventRounds "9"]
[EventCountry "ESP"]
[SourceTitle "Ajedrez en Madrid"]
[Source "lmi"]
[SourceDate "2020.01.13"]
[SourceVersion "1"]
[SourceVersionDate "2020.01.27"]
[SourceQuality "1"]

1. d4 g6 2. c4 Bg7 3. Nc3 h6 4. e4 e6 5. Nf3 c6 6. Be3 Ne7 7. Bd3 O-O 8. Qd2
Kh7 9. h3 f5 10. g3 fxe4 11. Bxe4 d5 12. cxd5 exd5 13. Bxg6+ Nxg6 14. Ng1 Bf5
15. g4 Be4 16. Nxe4 dxe4 17. O-O-O Qd5 18. Kb1 Na6 19. Ne2 Rad8 20. h4 c5 21.
Nc3 Qe6 22. d5 Qe5 23. a3 Nf4 24. Qc2 Kh8 25. Nxe4 Nxd5 26. g5 Nxe3 27. fxe3
Rxd1+ 28. Rxd1 Re8 29. Nd6 Re7 30. Nf5 Re8 31. gxh6 Bf6 32. Nd6 Rf8 33. Nc4 Qh5
34. Rd7 Qxh6 35. Rxb7 Qxh4 36. Rxa7 Nb8 37. Rb7 Qh1+ 38. Ka2 Qxb7 39. Qg6 Bg7
40. Qh5+ Kg8 41. Qe2 Qd5 42. b3 Qh1 43. Nb2 Rf1 44. Qc4+ Kh8 45. b4 Ra1+ 46.
Kb3 Bxb2 0-1

[Event "Madrid ch Veteranos  2019-2020"]
[Site "Maddrid ESP"]
[Date "2020.01.23"]
[Round "9.26"]
[White "Perez Ramos, Miguel Angel"]
[Black "Menendez Domens, Juan Manuel"]
[Result "0-1"]
[WhiteElo "1122"]
[BlackElo "1439"]
[PlyCount "103"]
[EventDate "2020.01.13"]
[EventType "swiss"]
[EventRounds "9"]
[EventCountry "ESP"]
[SourceTitle "Ajedrez en Madrid"]
[Source "lmi"]
[SourceDate "2020.01.13"]
[SourceVersion "1"]
[SourceVersionDate "2020.01.27"]
[SourceQuality "1"]

1. e4 e6 2. d4 d5 3. e5 c5 4. Nf3 Nc6 5. Bb5 Bd7 6. Bxc6 Bxc6 7. O-O Qb6 8. b3
Ne7 9. a4 Nf5 10. c3 a5 11. Na3 Be7 12. Bf4 O-O 13. Nb1 Rac8 14. Bg5 f6 15. Bf4
Qa7 16. Qd3 Rb8 17. c4 Rbd8 18. Nbd2 dxc4 19. Qxc4 Bd5 20. Qc1 Nxd4 21. Nxd4
cxd4 22. Qc7 fxe5 23. Bg3 Bd6 24. Qc2 Rc8 25. Qd1 b6 26. Nf3 Bxf3 27. gxf3 Qb7
28. Kg2 Rc3 29. Kg1 Qxf3 30. Qxf3 Rfxf3 31. Rac1 Rxc1 32. Rxc1 Rc3 33. Re1 Rc5
34. h4 d3 35. Rd1 Rd5 36. f3 Kf7 37. Bf2 Bc5 38. Bxc5 bxc5 39. Kf2 d2 40. Ke3
Kf6 41. Rxd2 Rxd2 42. Kxd2 Kf5 43. Ke3 h5 44. Kf2 Kf4 45. Ke2 g6 46. Kf2 e4 47.
fxe4 Kxe4 48. Ke2 e5 49. Kd2 Kf3 50. Kd3 e4+ 51. Kc4 Ke3 52. Kxc5 0-1

[Event "Madrid ch Veteranos  2019-2020"]
[Site "Maddrid ESP"]
[Date "2020.01.23"]
[Round "9.27"]
[White "Lopez Guitian, Juan J."]
[Black "Navarro Corredor, Angel"]
[Result "1-0"]
[WhiteElo "1509"]
[BlackElo "1346"]
[PlyCount "37"]
[EventDate "2020.01.13"]
[EventType "swiss"]
[EventRounds "9"]
[EventCountry "ESP"]
[SourceTitle "Ajedrez en Madrid"]
[Source "lmi"]
[SourceDate "2020.01.13"]
[SourceVersion "1"]
[SourceVersionDate "2020.01.27"]
[SourceQuality "1"]

1. d4 Nf6 2. c4 e6 3. Nc3 Be7 4. e4 O-O 5. e5 Ne8 6. Bd3 g6 7. Nf3 d6 8. Bf4
Nc6 9. Qd2 dxe5 10. dxe5 Ng7 11. a3 Nf5 12. b4 Ncd4 13. Nxd4 Nxd4 14. Rb1 b6
15. O-O Bb7 16. Be4 Bxe4 17. Nxe4 Nf5 18. Qe2 Bg5 19. Bxg5 1-0

[Event "Madrid ch Veteranos  2019-2020"]
[Site "Maddrid ESP"]
[Date "2020.01.23"]
[Round "9.28"]
[White "Beekhof Harmsen, Willen"]
[Black "Martinez Carrasco, Jesus"]
[Result "0-1"]
[WhiteElo "1470"]
[BlackElo "1566"]
[PlyCount "128"]
[EventDate "2020.01.13"]
[EventType "swiss"]
[EventRounds "9"]
[EventCountry "ESP"]
[SourceTitle "Ajedrez en Madrid"]
[Source "lmi"]
[SourceDate "2020.01.13"]
[SourceVersion "1"]
[SourceVersionDate "2020.01.27"]
[SourceQuality "1"]

1. Nf3 c5 2. g3 Nf6 3. Bg2 d6 4. c4 g6 5. O-O Bg7 6. Nc3 O-O 7. a3 Nc6 8. Re1
a6 9. e3 Qc7 10. b3 Bd7 11. Bb2 e5 12. Ng5 Rac8 13. Nge4 Nxe4 14. Bxe4 Ne7 15.
Nd5 Nxd5 16. Bxd5 Bc6 17. e4 Bxd5 18. exd5 Rb8 19. b4 cxb4 20. Qb3 bxa3 21.
Rxa3 Rfc8 22. d3 a5 23. Qc3 b6 24. f4 Re8 25. Re2 f5 26. Qe1 Re7 27. Rb3 Rbe8
28. Rb5 e4 29. Bxg7 Rxg7 30. Qb1 Rb8 31. Reb2 Re7 32. Rxb6 Rxb6 33. Rxb6 exd3
34. Rb8+ Kg7 35. Qb2+ Kh6 36. Kf1 Qxc4 37. Qf6 d2+ 38. Kg2 Qxd5+ 39. Kh3 Qe6
40. Qh4+ Kg7 41. Rb1 Qf6 42. Qxf6+ Kxf6 43. Rd1 Re2 44. g4 fxg4+ 45. Kxg4 Rxh2
46. Kg3 Re2 47. Kf3 Re7 48. Rxd2 Rd7 49. Rd5 a4 50. Ra5 d5 51. Rxa4 Kf5 52. Ra5
Rd6 53. Ra7 h5 54. Ra4 d4 55. Ra5+ Kf6 56. Ra2 d3 57. Rf2 Kf5 58. Ke3 Rd5 59.
Kf3 h4 60. Rg2 d2 61. Rg5+ Ke6 62. Rxd5 Kxd5 63. Ke2 Ke4 64. Kxd2 Kxf4 0-1

[Event "Madrid ch Veteranos  2019-2020"]
[Site "Maddrid ESP"]
[Date "2020.01.23"]
[Round "9.29"]
[White "Ramos Antona, Enrique"]
[Black "Abad Martin-Camuñas, Luis"]
[Result "0-1"]
[WhiteElo "1493"]
[BlackElo "1394"]
[PlyCount "84"]
[EventDate "2020.01.13"]
[EventType "swiss"]
[EventRounds "9"]
[EventCountry "ESP"]
[SourceTitle "Ajedrez en Madrid"]
[Source "lmi"]
[SourceDate "2020.01.13"]
[SourceVersion "1"]
[SourceVersionDate "2020.01.27"]
[SourceQuality "1"]

1. d4 Nf6 2. c4 g6 3. Nf3 Bg7 4. g3 d5 5. Bg2 e6 6. O-O O-O 7. Bg5 h6 8. Bxf6
Bxf6 9. e3 c6 10. Nbd2 Nd7 11. Qc2 e5 12. cxd5 cxd5 13. dxe5 Nxe5 14. Nd4 Nc6
15. Nxc6 bxc6 16. Nb3 Qb6 17. Rac1 Ba6 18. Rfe1 Bc4 19. Nd4 c5 20. Ne2 Bxb2 21.
Rb1 Rab8 22. Nf4 Bxa2 23. Rbd1 Bb3 24. Qxb2 Bxd1 25. Qxb6 axb6 26. Rxd1 Rfc8
27. Nxd5 Kg7 28. Rb1 b5 29. Kf1 b4 30. Ke2 b3 31. Kd2 c4 32. Kc3 Rb5 33. e4 Ra5
34. Bf1 Ra2 35. Rb2 Ra1 36. Kb4 Rxf1 37. Nc3 Kf6 38. f4 Ke6 39. e5 Rf3 40. Ne4
c3 41. Rxb3 c2 42. Nc5+ Rxc5 0-1